Star Wars, episode I : (Record no. 845)

MARC details
000 -LEADER
fixed length control field 01305nam a22003497a 4500
005 - DATE AND TIME OF LATEST TRANSACTION
control field 20230711142114.0
020 ## - INTERNATIONAL STANDARD BOOK NUMBER
International Standard Book Number 0590010891 (pbk.) :
Terms of availability $4.99
040 ## - CATALOGING SOURCE
Original cataloging agency LKR
Transcribing agency LKR
Modifying agency SLC
-- OHI
-- DLC
Language of cataloging eng
050 00 - LIBRARY OF CONGRESS CALL NUMBER
Classification number PZ8.W92
082 ## - DEWEY DECIMAL CLASSIFICATION NUMBER
Classification number 813.54
100 1# - MAIN ENTRY--PERSONAL NAME
Personal name Wrede, Patricia C.,
Dates associated with a name 1953-
245 10 - TITLE STATEMENT
Title Star Wars, episode I :
Remainder of title the phantom menace /
Statement of responsibility, etc. Patricia C. Wrede ; based on the screenplay and story by George Lucas.
246 3# - VARYING FORM OF TITLE
Title proper/short title Star Wars, episode one :
Remainder of title the phantom menace
246 30 - VARYING FORM OF TITLE
Title proper/short title Phantom menace
250 ## - EDITION STATEMENT
Edition statement First Scholastic printing, June 1999.
260 ## - PUBLICATION, DISTRIBUTION, ETC.
Place of publication, distribution, etc. New York :
Name of publisher, distributor, etc. Scholastic,
Date of publication, distribution, etc. 1999.
300 ## - PHYSICAL DESCRIPTION
Extent 178 pages :
Other physical details color illustrations ;
Dimensions 20 cm.
490 1# - SERIES STATEMENT
Series statement Star Wars, episode I
500 ## - GENERAL NOTE
General note "Lucas books."
505 ## - FORMATTED CONTENTS NOTE
Formatted contents note R <br/>
520 ## - SUMMARY, ETC.
Summary, etc. A long time ago in a galaxy far, far away... A world is threatened. A young queen must save her people. A dark evil rises again. A young jedi is discovered. The journey begins.
521 ## - TARGET AUDIENCE NOTE
Target audience note 710 <br/>
Source Lexile <br/>
521 ## - TARGET AUDIENCE NOTE
Target audience note R
Source Raz-Plus
655 #7 - INDEX TERM--GENRE/FORM
Genre/form data or focus term Science fiction.
Source of term gsafd
655 #7 - INDEX TERM--GENRE/FORM
Genre/form data or focus term Film novelizations.
Source of term lcsh
655 #7 - INDEX TERM--GENRE/FORM
Genre/form data or focus term Star wars fiction.
Source of term lcsh
700 1# - ADDED ENTRY--PERSONAL NAME
Personal name Lucas, George,
Dates associated with a name 1944-
906 ## - LOCAL DATA ELEMENT F, LDF (RLIN)
a 0
b cbc
c copycat
d 2
e ncip
f 20
g y-genrareb
942 ## - ADDED ENTRY ELEMENTS (KOHA)
Source of classification or shelving scheme Dewey Decimal Classification
Koha item type Books
Suppress in OPAC No
999 ## -
-- 845
-- 845
Holdings
Withdrawn status Lost status Source of classification or shelving scheme Damaged status Not for loan Collection Home library Current library Shelving location Date acquired Total Checkouts Full call number Barcode Date last seen Date last checked out Price effective from Koha item type
    Dewey Decimal Classification     Juvenile Fiction Footprints International School Library Network Toul Kork Campus Footprints International School Library Network Toul Kork Campus TK Primary Library Room(4th Floor), Bookcase 5&6, Shelves 33-56, Orange Books 07/11/2023 3 WRE 813.54 PZ8.W92 FISTK05391 10/06/2025 09/12/2025 07/11/2023 Books